000 00877nam a22002657a 4500
001 3765
003 FISKH
005 20260325124904.0
008 240506b cb ||||| |||| 00| 0 eng d
020 _a9780439014571
040 _aFISK
_beng
_cFISK
_dFISK
050 _aPZ7.P63123
082 _a813.54
100 _aPilkey Dav
_d1966-
245 _aThe adventures of captain underpants /
_cDav Pilkey
260 _aNew York :
_bScholastic,
_c2008
300 _a198 pages :
_c20 cm
490 _aCaptain Underpants :
_v#1
505 _aM
520 _aWhen George and Harold hypnotize their principal into thinking that he is the superhero Captain Underpants, he leads them to the lair of the nefarious Dr. Diaper, where they must defeat his evil robot henchmen.
521 8 _a720
_bLexiles,
700 _aDav Pilkey
942 _2lcc
_cBK
_n0
999 _c3765
_d3765